BIBLIOTHÈQUE DE LA MAISON DU MEXIQUE

Logo 1 Logo 2

Drogue et pouvoirs (notice nᵒ 12504)

détails MARC
000 -Sello discográfico
campo de control de longitud fija 01123nam a2200349 4500
005 - Identificación de versión
campo de control 20251017062822.0
010 ## - Número Estándar Internacional de Libros (ISBN)
Número (ISBN) 2-7384-8436-0
035 ## - Otros números de control del sistema
Número de control del sistema 27513
099 ## - fechas locales
Tipo de ítem Koha LIBRO
100 ## - Datos de procesamiento general
Datos de procesamiento general 20010102d1999 m y1spay5003 ba
101 ## - Idioma del recurso
Idioma del texto, banda sonora, etc. Francés
105 ## - Campo de datos codificados: Material textual, monográfico
Datos codificados de monografía y 001zy
200 1# - Título y mención de responsabilidad
Título propio Drogue et pouvoirs
Designación general del material texto impreso
Otra información del título du Mexique aux paradis
Primer mención de responsabilidad Jean Rivelois
Declaración de responsabilidad subsiguiente préface Pierre Salama
210 ## - Publicación, distribución, etc.
Lugar de publicación, distribución, etc. Paris
Nombre del editor, distribuidor, etc. Editions L'Harmattan
Fecha de publicación, distribución, etc. 1999
215 ## - Descripción física
Designación de material específico y extensión del ítem 412 p
Dimensiones 24 cm
345 ## - Nota de información de adquisición
Fuente de adquisición/dirección de la suscripción [OBSOLETO] Compra
410 #1 - Series
Título Collection Horizons Amériques Latines
606 ## - Término temático usado como materia
Elemento de entrada Corrupción política
Subdivisión geográfica México
Número Koha 19231
606 ## - Término temático usado como materia
Elemento de entrada Drogas
Subdivisión temática Aspectos políticos
Subdivisión geográfica México
Número Koha 7375
606 ## - Término temático usado como materia
Elemento de entrada Tráfico de drogas
Subdivisión geográfica México
Número Koha 657
607 ## - Nombre geográfico utilizado como tema
Elemento de entrada México
Subdivisión temática Política y gobierno
Número Koha 390
660 ## - Código de área geográfica
Código MX
700 ## - Nombre personal - Responsabilidad primaria
Elemento de entrada Rivelois
Parte del nombre distinta del elemento de entrada Jean
Número Koha 19232
702 ## - Nombre personal - Responsabilidad secundaria
Elemento de entrada Salama
Parte del nombre distinta del elemento de entrada Pierre
Número Koha 19233
801 #0 - Fuente de origen
Agencia cm
900 ## -
-- 1/950
900 ## -
-- 7100112732\020101
942 ## - ELEMENTOS DE ENTRADA SECUNDARIOS (KOHA)
Tipo de ítem Koha Livre
996 ## -
-- MEX
-- 751145101
-- MMAG
-- 007609
-- 363.45 R622D
-- 20230306LIV
Exemplaires
Estatus retirado Estado de daño Estado de pérdida Fecha de adquisición Biblioteca de origen Biblioteca actual Ubicación en estantería Código de barras Precio de reemplazo Signatura topográfica completa No para préstamo Tipo de ítem Koha Nota pública Nota no pública
      05/08/2025 Casa México Paris Casa México Paris   007609 05/08/2025 363.45 R622D   Livre 20230306LIV 751145101